|
|
|
|
| LEADER |
01858cas a2200241 a 4500 |
| 001 |
AALejournalIMF006621 |
| 008 |
230101c9999 xx r poo 0 0eng d |
| 020 |
|
|
|c 5.00 USD
|
| 020 |
|
|
|z 9781455205745
|
| 022 |
|
|
|a 1934-7685
|
| 040 |
|
|
|a BD-DhAAL
|c BD-DhAAL
|
| 110 |
2 |
|
|a International Monetary Fund.
|
| 245 |
1 |
0 |
|a Kingdom of Lesotho :
|b Request for a Three-Year Arrangement Extended Fund Facility Arrangement; Staff Report; Staff Supplement; Press Release on the Executive Board Discussion; Statement by the Executive Director for the Kingdom of Lesotho.
|
| 264 |
|
1 |
|a Washington, D.C. :
|b International Monetary Fund,
|c 2010.
|
| 300 |
|
|
|a 1 online resource (87 pages)
|
| 490 |
1 |
|
|a IMF Staff Country Reports
|
| 500 |
|
|
|a <strong>Off-Campus Access:</strong> No User ID or Password Required
|
| 500 |
|
|
|a <strong>On-Campus Access:</strong> No User ID or Password Required
|
| 506 |
|
|
|a Electronic access restricted to authorized BRAC University faculty, staff and students
|
| 520 |
3 |
|
|a Lesotho's fiscal and external balances have deteriorated as a result of the global economic downturn and a surge in spending. Undertaking key fiscal adjustments to restore macroeconomic stability is necessary for raising Lesotho's growth potential. Executive Directors commend the measures taken in the budget to reduce expenditure. Further strengthening of debt management and accelerating structural reforms is crucial for raising Lesotho's growth potential. Strengthening the institutional and regulatory framework for banks and non-bank financial institutions (NBFIs) will help to support financial sector health and stability.
|
| 538 |
|
|
|a Mode of access: Internet
|
| 830 |
|
0 |
|a IMF Staff Country Reports; Country Report ;
|v No. 2010/225
|
| 856 |
4 |
0 |
|z Full text available on IMF
|u http://elibrary.imf.org/view/journals/002/2010/225/002.2010.issue-225-en.xml
|z IMF e-Library
|